000 00854nam a2200229 a 4500
999 _c12525
_d12525
001 12525
003 BD-JhCC
005 20220615090241.0
008 210222b20172021bg |||| ||a| 000 0 ben d
035 _a(BD-JhCC)12525
040 _aBD-JhCC
_dBD-JhCC
041 _aban
082 _a954.9205
_bNIA 2021
100 _aনিয়াজি,এ.এ.কে.
245 _aদ্য বিট্রেয়াল অভ ইস্ট পাকিস্তান /
_cএ.এ.কে.নিয়াজি, কাজী আখতারউদ্দিন (অনু.)
260 _aঢাকা :
_bঅনন্যা,
_c২০২১.
300 _a382 পৃ. :
_c22 cm.
650 _aবাংলাদেশের মুক্তিযুদ্ধ
700 _aআখতারউদ্দিন, কাজী
942 _2ddc
_cBK